000 01106 a2200325 4500
003 OSt
005 20180116192359.0
008 120622t xxu||||| |||| 00| 0 eng d
010 _a 96184067
020 _a0714828092 (v. 1)
020 _a0714828599 (v. 2)
020 _a0714835439 (v. 3)
020 _a0714839310 (v. 4)
020 _a9780714844725 (v. 5)
020 _a9780714838984
040 _c0
082 _a720.922
100 1 _aBuchanan, Peter.
_94852
245 1 0 _aRenzo Piano Building Workshop :
_bcomplete works /
_cPeter Buchanan.
_nVol. 1
246 3 0 _aComplete works
260 _aLondon :
_bPhaidon Press,
_cc1993-<2008 >
300 _aVol .1 :
_bill. (some col.) ;
_c31 cm.
600 1 0 _aPiano, Renzo
_94853
600 1 0 _aPiano, Renzo
_xThemes, motives.
_94854
610 2 0 _aRenzo Piano Building Workshop
_94855
610 2 0 _aRenzo Piano Building Workshop
_xThemes, motives.
_94856
650 1 0 _aArchitecture, Modern
_y20th century
_xDesigns and plans.
_94857
942 _aSADA
_cREF
_kREF 720.922 BUC 1993
_2ddc
999 _c353254
_d353254